000 01002nam0a22002651 4500
001 rc\4446244
005 20260408074135.0
021 _aRU
_b67-10300
021 _aRU
_bРг2085-68
035 _a(NLR Aleph) 008318238
090 _a8740549
_c8740549
100 _a20130416d1967 |||y0rusy50 ca
101 0 _arus
102 _aRU
105 _ay z |||||
200 1 _aИнструкция по организации и проведению дезинфекции при брюшном тифе и паратифах
_e[Утв. Гл. сан.-эпидемиол. упр. М-ва здрав. СССР 2/IX 1967 г.
210 _aМосква]
_cБ. и.
_d1967
215 _a19 с.
_d19
300 _aБез тит. л. и обл.
712 0 1 _aСССР
_bГлавное санитарно-противоэпидемическое управление
_9632455
_3RU\NLR\AUTH\8810065423
801 0 _aRU
_bNLR
_gpsbo
801 1 _aRU
_bELAR
_2rusmarc
852 _aNLR
_j68-4/5174
942 _cBOOK
980 _aNB